01548 am a2200265 a 450000500170000000800410001702000150005804100080007310000390008124500760012025001930019626000360038930000340042550001040045965300700056365300700063365300520070365300890075565300500084465300450089465300680093965300260100765301200103365301290115320240701101028.0100903s1995||||ag o f |||| 001 0 spa d a987995453X aspa1 aGatian de Clérambault, Gaëtan. aAutomatismo mental. bParanoia / cGaë̈tan Gatian de Clérambault. a1a ed. en españolbTraducción Delia Esquibel ; Clara Maranzano. Selección de textos y presentación de Paul Bercherie. Edición, revisión técnica y anexos: Juan Carlos Stagnaro aBuenos Aires: bPolemos;c1995. a192 p.bIncluye fotografías aGatian de Clérambault, G. (1995). Automatismo mental. Paranoia. (1a ed.). Buenos Aires : Polemos. aCoexistencia de dos delirios: persecusión y erotomanía (1920) aDelirios pasionales: erotomanía, reivindicación, celos (1921) aErotomanía pura. Erotomanía asociada (1921) aCondiciones de aparición, desarrollo y duración de los estados pasionales (1923) aAutomatismo mental y escisión del yo (1920) aPsicosis alucinatorias crónicas (1923) aPsicosis alucinatorias crónicas. Análisis. Patogenia (1924) aFolie à deux (1924) aCuestión de los delirios colectivos estrechamente ligado a la de los mecanismos generadores de la psicosis (1924) aMecanismo automático radical de ciertos delirios interpretativos: la pseudo constatación espontánea incoercible (1933)